000
00178nam a22000857a 4500
020
_a
0717266605
082
_a
K800
245
_a
PETER PAN IN RETURN TO NEVERLAND - DISNEY
942
_c
BK
999
_c
2985
_d
2985